Statistics for All FIFA 23 Icons

Click here to take the quiz!

General Stats

  • This quiz has been taken 138 times
  • The average score is 42 of 100

Answer Stats

Answer% Correct
Pele
91%
Ronaldo
86%
Ronaldinho
74%
Zinedine Zidane
73%
Paolo Maldini
71%
Roberto Carlos
71%
Carles Puyol
64%
Rivaldo
64%
Ruud Gullit
64%
Philipp Lahm
63%
Thierry Henry
63%
Xavi
60%
Cafu
58%
Carlos Alberto
58%
Iker Casillas
58%
Johan Cruyff
58%
Jairzinho
56%
Garrincha
55%
Edwin van der Sar
54%
Lev Yashin
54%
Marco van Basten
54%
Alessandro Nesta
53%
Fabio Cannavaro
53%
Gerd Muller
53%
Kaka
53%
Juan Veron
50%
Andrea Pirlo
49%
Franco Baresi
49%
David Beckham
47%
Lothar Matthaus
47%
Wayne Rooney
46%
Eusebio
45%
Frank Lampard
45%
Javier Zanetti
45%
Robin van Persie
45%
Socrates
45%
Ferenc Puskas
44%
Laurent Blanc
44%
Luis Figo
44%
Petr Cech
44%
Rio Ferdinand
44%
Steven Gerrard
44%
Bobby Moore
42%
Didier Drogba
41%
Fernando Torres
41%
Gianluca Zambrotta
41%
Roberto Baggio
41%
Ashley Cole
40%
Peter Schmeichel
40%
Ronald Koeman
40%
Ruud van Nistelrooy
40%
Samuel Etoo
40%
Sol Campbell
40%
Andriy Shevchenko
38%
Hernan Crespo
38%
Claude Makelele
37%
Gary Lineker
37%
Robert Pires
37%
Emilio Butragueno
36%
Gennaro Gattuso
36%
Paul Scholes
36%
Rui Costa
36%
Alessandro Del Piero
35%
Riquelme
35%
Fernando Hierro
33%
Patrick Vieira
33%
Dennis Bergkamp
32%
George Best
32%
Marcel Desailly
32%
Michael Owen
32%
Miroslav Klose
32%
Bastian Schweinsteiger
31%
Hugo Sanchez
31%
Michael Laudrup
31%
Xabi Alonso
31%
Christian Vieri
29%
Emmanuel Petit
29%
Hristo Stoichkov
29%
Ian Wright
29%
Clarence Seedorf
28%
David Trezeguet
28%
Frank Rijkaard
28%
Luis Hernandez
28%
Michael Ballack
28%
Raul
28%
Eric Cantona
27%
Henrik Larsson
27%
John Barnes
27%
Kenny Dalglish
27%
Michael Essien
27%
Ian Rush
26%
Jari Litmanen
26%
Gianfranco Zola
24%
Pavel Nedved
24%
Alan Shearer
22%
Davor Suker
22%
Gheorghe Hagi
22%
Nemanja Vidic
22%
Patrick Kluivert
22%
Roy Keane
18%

Score Distribution

Percentile by Number Answered

Percent of People with Each Score

Your Score History

You have not taken this quiz